Central Library OPAC University of Rajshahi

A manual of freshwater ecology : (Record no. 14328)

MARC details
000 -LEADER
fixed length control field 00738nam a2200241 a 4500
001 - CONTROL NUMBER
control field 14328
003 - CONTROL NUMBER IDENTIFIER
rucl marc code BD-RjUL
005 - DATE AND TIME OF LATEST TRANSACTION
control field 20211208235617.0
008 - FIXED-LENGTH DATA ELEMENTS--GENERAL INFORMATION
fixed length control field 161006s1989 ii a 001 0 eng d
020 ## - INTERNATIONAL STANDARD BOOK NUMBER
International Standard Book Number 8170350549
035 ## - SYSTEM CONTROL NUMBER
System control number (BD-RjUL)
040 ## - CATALOGING SOURCE
Modifying agency CStRLIN
Original cataloging agency BD-RjUL
Language of cataloging eng
Transcribing agency BD-RjUL
041 ## - LANGUAGE CODE
Language code of text/sound track or separate title eng
082 0# - DEWEY DECIMAL CLASSIFICATION NUMBER
Classification number 577.6
Edition number 23
Author mark and year SAM 1989
100 1# - MAIN ENTRY--PERSONAL NAME
Personal name Santhanam, R.
9 (RLIN) 44717
245 10 - TITLE STATEMENT
Title A manual of freshwater ecology :
Remainder of title an aspect of fishery environment /
Statement of responsibility, etc. by R. Santhanam, P Velayutham, G Jegatheesan
260 ## - PUBLICATION, DISTRIBUTION, ETC. (IMPRINT)
Place of publication, distribution, etc. New Delhi :
Name of publisher, distributor, etc. India ,
Date of publication, distribution, etc. c1989
300 ## - PHYSICAL DESCRIPTION
Pagination 134p. :
Illustrations ill. ;
Size 22 cm.
500 ## - GENERAL NOTE
General note Inciudes index
650 #0 - SUBJECT ADDED ENTRY--TOPICAL TERM
Topical term or geographic name as entry element Freshwater ecology.
9 (RLIN) 44719
700 0# - ADDED ENTRY--PERSONAL NAME
Personal name Velayutham,P.
942 ## - ADDED ENTRY ELEMENTS (KOHA)
Source of classification or shelving scheme Dewey Decimal Classification
Koha item type Books
Holdings
Lost status Source of classification or shelving scheme Damaged status Not for loan Collection code Permanent Location Current Location Shelving location Date acquired Source of acquisition Cost, normal purchase price Total Checkouts Full call number Date last seen Copy number Koha item type
  Dewey Decimal Classification     Non-fiction Central Library, University of Rajshahi Central Library, University of Rajshahi   22/07/2003 Ankur prakashani 147.00   577.6 SAM 1989 05/02/2014 C-2 Books
  Dewey Decimal Classification     Non-fiction Central Library, University of Rajshahi Central Library, University of Rajshahi   22/07/2003 Dhaka,Ankur Prakashani 147.00   577.6 SAM 1989 06/10/2016 C-3 Books